ČSN 22 6274 Přírubové valivé vedení lisovací nástroje

Bibliographic Details
Format: Book
Language:Undetermined
PhysicalDescription:3 s.
Published: Praha ÚNV 1969

MARC

LEADER 00000nam a2200000 a 4500
001 vtls001342468
003 SK-MaSNL
005 20260224064623.0
008 210928s1969 xx 0 und
035 |a SNK000295627 
040 |a SNK  |b slo  |c SNK  |e AACR2 
245 1 |a ČSN 22 6274 Přírubové valivé vedení  |b lisovací nástroje 
260 |a Praha  |b ÚNV  |c 1969 
300 |a 3 s. 
958 |a OND 
999 |c 891513  |d 893443 
952 |t P60, <04>, [BOOK], {604}  |a SNK  |b SNK  |y VYP  |7 0  |p 17A0162334  |o snkČSN 22 6274  |0 0  |1 0  |4 0  |d 1998-09-22  |l 0  |r 2005-01-02 00:00:00  |w 2026-02-24